000
00244nam a2200097Ia 4500
001
652651
005
20250826154442.0
008
250824s9999 xx 000 0 und d
245
0
_a
RUBY ROGERS BUNU AKLINIZ ALIYOR MU ?
_c
SUE LİMB
260
_b
ALTIN
999
_c
652651
_d
652651